Transcendental number theory

Saved in:
Bibliographic Details
Main Author: Baker, Alan, 1939-2018
Format: Book
Language:English
Published: Cambridge ; New York : Cambridge University Press, 1975.
Subjects:
Tags: Add Tag
No Tags, Be the first to tag this record!

MARC

LEADER 00000cam a2200000 a 4500
001 1/108912
008 150926s1975####enk| ||| |||| ||eng||
020 |a 0521204615 
040 |a GR-MyUa  |b gre  |c GR-MyUa  |e AACR2 
041 0 |a eng 
082 7 |a 512.73   |2 (23) 
100 1 |a Baker, Alan,  |d 1939-2018. 
245 1 0 |a Transcendental number theory /   |c Alan Baker. 
260 |a Cambridge ; New York :   |b Cambridge University Press,   |c 1975.  
300 |a x, 147 σ. :   |c 24 εκ.  
650 0 |a Transcendental numbers. 
852 |a INST  |b SAMOS  |c MAG  |e 20150926  |h 512.73 ΒΑΚ  |p 005300035702  |q 005300035702  |t BK  |y 0 
970 |a Σιτζίμη  |b Γιασεμή  |z 26/09/2015